| 000 | 00972cam a22003014a 4500 | ||
|---|---|---|---|
| 001 | 14847903 | ||
| 003 | mut | ||
| 005 | 20240606081049.0 | ||
| 008 | 070511s2007 nyua b 001 0 eng | ||
| 010 | _a 2007274519 | ||
| 020 | _a9780558677435 | ||
| 040 |
_aDLC _cDLC _dDLC |
||
| 042 | _apcc | ||
| 050 | 0 | 0 |
_aPN6014 _b.L58 2010 |
| 082 | 0 | 0 |
_a808 _222 |
| 245 | 0 | 0 |
_aLiterature : _ban introduction to fiction, poetry, and drama / |
| 260 |
_aNew York : _bPearson Longman, _cc2010 |
||
| 300 |
_a4 v. : _bill. ; _c24 cm. |
||
| 500 | _aIssued in slipcase. | ||
| 500 | _aIncludes indexes. | ||
| 505 | 0 | _apt. 1. Fiction -- pt. 2. Poetry -- pt. 3. Drama -- pt. 4. Writing. | |
| 650 | 0 |
_aLiterature _vCollections. |
|
| 700 | 1 | _aKennedy, X. J. | |
| 700 | 1 | _aGioia, Dana. | |
| 906 |
_a7 _bcbc _corigcop _d2 _encip _f20 _gy-gencatlg |
||
| 942 |
_2lcc _cBK |
||
| 999 |
_c8112 _d8112 |
||